000 00375cam a2200157ua 4500
041 _aeng
_h
082 _a823.308
_bPRO/TI
100 _aMarcel, Proust .
245 _aTime regained /
_cMarcel proust.
_hTextual Documents
250 _a1 /
_b.
260 _aLondon :
_bChatto and Windus ,
_c1960.
300 _a434 ; .
504 _a
942 _cBK
999 _c8412
_d8412